|
|
|
|
| LEADER |
01102nam#a2200361#a#4500 |
| 001 |
014406 |
| 003 |
AR-BeUNQ |
| 005 |
20170303113426.0 |
| 008 |
010924s1996####ag##################spa#d |
| 020 |
|
|
|a 9875000051
|
| 040 |
|
|
|a AR-beUNQ
|
| 099 |
|
|
|a 04-C60
|
| 100 |
1 |
|
|a Chartier, Roger
|
| 245 |
0 |
2 |
|a Escribir las prácticas
|c Roger Chartier.
|
| 260 |
|
|
|a Buenos Aires :
|b Manantial,
|c 1996
|
| 300 |
|
|
|a 127 p
|
| 594 |
|
|
|a LICENCIATURA EN HISTORIA
|
| 595 |
|
|
|a PRINCIPALES CORRIENTES HISTORIOGRAFICAS
|d 2016
|
| 600 |
1 |
4 |
|a FOUCAULT, MICHEL
|d 1926-1984
|
| 600 |
1 |
4 |
|a CERTEAU, MICHEL DE
|
| 600 |
1 |
4 |
|a MARIN, LOUIS
|
| 650 |
|
7 |
|a SOCIOLOGIA
|2 Spines
|
| 650 |
|
7 |
|a FILOSOFIA
|2 Spines
|
| 650 |
|
7 |
|a SOCIEDAD
|2 toit
|
| 650 |
|
7 |
|a ANALISIS DEL DISCURSO
|2 Spines
|
| 650 |
|
7 |
|a DISCURSOS
|2 Spines
|
| 650 |
|
7 |
|a CULTURA
|2 Spines
|
| 650 |
|
7 |
|a ILUSTRACION
|2 toit
|
| 653 |
|
|
|a REVOLUCION FRANCESA
|
| 929 |
|
|
|a COMPRA
|b Cúspide
|c Exp. 827-0113/00
|d 12,00
|e 20010920
|f patrimonio
|j 30089
|
| 929 |
|
|
|a COMPRA
|b Cúspide
|c Exp. 827-0113/00
|d 12,00
|e 20010920
|f patrimonio
|j 30090
|
| 942 |
|
|
|c LIB
|n 0
|
| 999 |
|
|
|c 16766
|d 92153
|